00379 a2200121 4500020002600000082001900026100002300045245005600068260004100124300002900165650004100194700002200235 a968292376X;968450070X a709.972bG619p aGoldman M., Shifra aPintura Mexicana Contemporanea en Tiempos de Cambio aMexicobEditorial Domes, S. A.c1989 a300 pbill (col) c23 cm apinturaxarte modernoys. XXzMexico aShifra M. Goldman